[Event "Gonzaga Masters 2013"]
[Site "Dublin IRL"]
[Date "2013.02.01"]
[Round "1"]
[White "Fitzsimons, David"]
[Black "Janusaitis, Mindaugas"]
[Result "1-0"]
[WhiteElo "2294"]
[BlackElo "1967"]
[WhiteICU "2275"]
[WhiteClub "Elm Mount"]
[BlackClub "Round Tower"]
[WhiteNationality "IRL"]
[BlackNationality "LTU"]
[WhiteFideId "2501961"]
[BlackFideId "12802530"]
[WhiteICUId "6236"]
[PlyCount "49"]
[FIDETournamentId "75914"]
[Venue "Gonzaga College, Sandford Road, Ranelagh, Dublin 6"]
[EventDate "2013.02.01"]
[Source "ICU web site"]

{ Source: Herbert Scarry report. } { Reference: <a
href="http://www.irlchess.com/gonzaga2013_allfiles/pairings_gonzaga2013.html">Tournament
report</a>, IRLchess. } { Event information: Herbert Scarry, <a
href="http://icu.ie/articles/372">Gonzaga Classic</a> (tournament report),
ICU web pages, February 2013. }

1. e4 e5 2. Nf3 Nc6 3. Nc3 Nf6 4. d4 exd4 5. Nxd4 Bb4 6. Nxc6 bxc6 7. Bd3
d5 8. exd5 cxd5 9. O-O O-O 10. h3 d4 11. Qf3 c6 12. Qxc6 Bxh3 13. Qc4 Bd6
14. Nb5 Be6 15. Qxd4 Bb8 16. Bg5 Qxd4 17. Nxd4 Be5 18. Nxe6 fxe6 19. c3
Rab8 20. Rfe1 Ng4 21. Bc4 Rxf2 22. Bxe6+ Kh8 23. Bxg4 Rbxb2 24. Bh3 h6 25.
Bh4 1-0

[Event "Gonzaga Masters 2013"]
[Site "Dublin IRL"]
[Date "2013.02.01"]
[Round "1"]
[White "Jackson, Carl"]
[Black "Murray, David B."]
[Result "0-1"]
[WhiteElo "1940"]
[BlackElo "2146"]
[BlackICU "2083"]
[WhiteClub "Gonzaga"]
[BlackClub "Gonzaga"]
[WhiteNationality "IRL"]
[BlackNationality "IRL"]
[WhiteFideId "2502585"]
[BlackFideId "2501511"]
[BlackICUId "4941"]
[PlyCount "78"]
[FIDETournamentId "75914"]
[Venue "Gonzaga College, Sandford Road, Ranelagh, Dublin 6"]
[EventDate "2013.02.01"]
[Source "ICU web site"]

{ Source: Herbert Scarry report. } { Reference: <a
href="http://www.irlchess.com/gonzaga2013_allfiles/pairings_gonzaga2013.html">Tournament
report</a>, IRLchess. } { Event information: Herbert Scarry, <a
href="http://icu.ie/articles/372">Gonzaga Classic</a> (tournament report),
ICU web pages, February 2013. }

1. e4 c6 2. Nf3 d5 3. Nc3 Bg4 4. h3 Bxf3 5. Qxf3 e6 6. Be2 Nd7 7. Qg3 Ngf6
8. d3 dxe4 9. dxe4 Qa5 10. Bd2 Qb4 11. Bd3 Nc5 12. O-O Nxd3 13. Qxd3 Qb6
14. e5 Rd8 15. Qe2 Nd5 16. Nxd5 Rxd5 17. Bc3 Bc5 18. Rad1 O-O 19. Rxd5 cxd5
20. b3 Rc8 21. Bd2 Bd4 22. c3 Bxc3 23. Rc1 Qb4 24. Qd3 d4 25. Kf1 Rc6 26.
Bxc3 dxc3 27. Qd8+ Qf8 28. Qxf8+ Kxf8 29. Ke2 b5 30. b4 Rc4 31. Ke3 Ke7 32.
a3 Kd7 33. Kd3 Kc6 34. f4 Kd5 35. g3 h5 36. Kc2 Rd4 37. Re1 Kc4 38. Re3
Rd2+ 39. Kc1 Kb3 0-1

[Event "Gonzaga Masters 2013"]
[Site "Dublin IRL"]
[Date "2013.02.01"]
[Round "1"]
[White "Delaney, Killian"]
[Black "O'Donnell, Conor"]
[Result "1-0"]
[WhiteElo "2087"]
[BlackElo "1959"]
[WhiteICU "2012"]
[BlackICU "2065"]
[WhiteClub "Rathmines"]
[BlackClub "Gonzaga"]
[WhiteNationality "IRL"]
[BlackNationality "IRL"]
[WhiteFideId "2501570"]
[BlackFideId "2504243"]
[WhiteICUId "5104"]
[BlackICUId "10792"]
[PlyCount "91"]
[FIDETournamentId "75914"]
[Venue "Gonzaga College, Sandford Road, Ranelagh, Dublin 6"]
[EventDate "2013.02.01"]
[Source "ICU web site"]

{ Source: Herbert Scarry report. } { Reference: <a
href="http://www.irlchess.com/gonzaga2013_allfiles/pairings_gonzaga2013.html">Tournament
report</a>, IRLchess. } { Event information: Herbert Scarry, <a
href="http://icu.ie/articles/372">Gonzaga Classic</a> (tournament report),
ICU web pages, February 2013. }

1. e4 c6 2. d4 d5 3. exd5 cxd5 4. c4 Nf6 5. Nc3 Nc6 6. Nf3 Bg4 7. cxd5 Nxd5
8. Qb3 Bxf3 9. gxf3 e6 10. Qxb7 Nxd4 11. Bb5+ Nxb5 12. Qc6+ Ke7 13. Qxb5
Nxc3 14. bxc3 Rb8 15. Qe2 Qa5 16. O-O Kf6 17. Rd1 Ba3 18. Bf4 Rbd8 19. Rab1
Qxc3 20. Bd2 Qe5 21. Qc4 Qc5 22. Qh4+ Kg6 23. Qg4+ Kf6 24. Rb3 h6 25. Bc3+
e5 26. Re1 Rd4 27. Bxd4 exd4 28. Qf4+ Kg6 29. Re5 Qc1+ 30. Qxc1 Bxc1 31.
Rd5 Rc8 32. Rxd4 Rc7 33. Rdb4 a5 34. Rb6+ f6 35. R6b5 Bd2 36. Rb2 Bb4 37.
Kg2 f5 38. Kg3 Rc4 39. Re2 Rc6 40. Kg2 Rc4 41. Re6+ Kf7 42. Ra6 g6 43. Rb7+
Kg8 44. Rxg6+ Kf8 45. Rxh6 Kg8 46. Rg6+ 1-0

[Event "Gonzaga Masters 2013"]
[Site "Dublin IRL"]
[Date "2013.02.01"]
[Round "1"]
[White "Boyle, Bernard"]
[Black "Cichonski, Bartlomiej"]
[Result "1-0"]
[WhiteElo "1929"]
[BlackElo "2067"]
[WhiteICU "1795"]
[BlackICU "1942"]
[WhiteClub "Elm Mount"]
[BlackClub "Balbriggan"]
[WhiteNationality "IRL"]
[BlackNationality "IRL"]
[WhiteFideId "2501830"]
[BlackFideId "2503620"]
[WhiteICUId "3172"]
[BlackICUId "12170"]
[PlyCount "101"]
[FIDETournamentId "75914"]
[Venue "Gonzaga College, Sandford Road, Ranelagh, Dublin 6"]
[EventDate "2013.02.01"]
[Source "ICU web site"]

{ Source: Herbert Scarry report. } { Reference: <a
href="http://www.irlchess.com/gonzaga2013_allfiles/pairings_gonzaga2013.html">Tournament
report</a>, IRLchess. } { Event information: Herbert Scarry, <a
href="http://icu.ie/articles/372">Gonzaga Classic</a> (tournament report),
ICU web pages, February 2013. }

1. d4 Nf6 2. Nf3 g6 3. Bf4 Bg7 4. Nc3 d5 5. e3 O-O 6. Be2 Bf5 7. Ne5 Nbd7
8. g4 Be6 9. f3 Nxe5 10. Bxe5 Nd7 11. Bxg7 Kxg7 12. h4 h6 13. Qd2 c6 14. h5
g5 15. f4 f6 16. O-O-O b5 17. fxg5 fxg5 18. Rhf1 Nf6 19. Qd3 Bf7 20. e4 b4
21. e5 bxc3 22. exf6+ exf6 23. Qxc3 Qd7 24. Rf2 Be6 25. Rdf1 f5 26. Qd3 Rf6
27. gxf5 Bf7 28. Bg4 Rf8 29. Re2 Bg8 30. Rfe1 R8f7 31. Re6 Bh7 32. Rxf6
Rxf6 33. Re5 Bg8 34. Qe3 Bf7 35. Re7 Qd6 36. Rxa7 Qb8 37. Re7 Qb4 38. c3
Qc4 39. b3 Qf1+ 40. Kd2 Qg2+ 41. Qe2 Qg1 42. Kc2 c5 43. Qd1 Qg2+ 44. Kb1 c4
45. b4 Qg3 46. Kb2 Qg2+ 47. Qe2 Qg3 48. a4 Qd6 49. Qe5 Qc6 50. b5 Qb6 51.
Qc7 1-0

[Event "Gonzaga Masters 2013"]
[Site "Dublin IRL"]
[Date "2013.02.01"]
[Round "1"]
[White "Kalinins, Valentine"]
[Black "Healy, John"]
[Result "1-0"]
[WhiteElo "2028"]
[BlackElo "1835"]
[WhiteICU "2127"]
[BlackICU "1778"]
[WhiteClub "Celbridge"]
[BlackClub "St. Benildus"]
[WhiteNationality "IRL"]
[BlackNationality "IRL"]
[WhiteFideId "2505894"]
[BlackFideId "2500965"]
[WhiteICUId "12860"]
[BlackICUId "4563"]
[PlyCount "115"]
[FIDETournamentId "75914"]
[Venue "Gonzaga College, Sandford Road, Ranelagh, Dublin 6"]
[EventDate "2013.02.01"]
[Source "ICU web site"]

{ Source: Herbert Scarry report. } { Reference: <a
href="http://www.irlchess.com/gonzaga2013_allfiles/pairings_gonzaga2013.html">Tournament
report</a>, IRLchess. } { Event information: Herbert Scarry, <a
href="http://icu.ie/articles/372">Gonzaga Classic</a> (tournament report),
ICU web pages, February 2013. }

1. e4 c5 2. d4 e6 3. Nf3 cxd4 4. c3 d5 5. Bb5+ Bd7 6. Bxd7+ Qxd7 7. exd5
Qxd5 8. cxd4 Nf6 9. O-O Be7 10. Nc3 Qh5 11. Re1 Nbd7 12. Bg5 h6 13. Bxf6
Bxf6 14. Qa4 a6 15. d5 Bxc3 16. dxe6 O-O 17. bxc3 Nc5 18. exf7+ Rxf7 19.
Qc4 b5 20. Qd4 Rd7 21. Qe5 Qxe5 22. Nxe5 Rd2 23. c4 Rf8 24. f3 Rfd8 25. Kf1
Nd3 26. Nxd3 R8xd3 27. cxb5 axb5 28. Re2 Kf7 29. a4 Rd1+ 30. Re1 Rxa1 31.
Rxa1 bxa4 32. Rxa4 Rd2 33. h4 Kg6 34. Kg1 Kh5 35. Kh2 g5 36. Kh3 Kg6 37.
Ra6+ Kg7 38. Ra7+ Kf6 39. h5 Rd1 40. Kg3 Rh1 41. Ra6+ Kg7 42. Rg6+ Kh7 43.
Kg4 Rh4+ 44. Kf5 Rf4+ 45. Ke5 Ra4 46. Rc6 Ra5+ 47. Kf6 Ra4 48. Rc7+ Kh8 49.
Re7 Rb4 50. g4 Ra4 51. Kg6 Ra6+ 52. Kf5 Ra4 53. Rf7 Kg8 54. Kg6 Ra5 55. Rf6
Ra7 56. Kxh6 Rg7 57. Rg6 Kh8 58. Kxg5 1-0

[Event "Gonzaga Masters 2013"]
[Site "Dublin IRL"]
[Date "2013.02.01"]
[Round "1"]
[White "Fitzsimons, Pat"]
[Black "Porter, Liam"]
[Result "1/2-1/2"]
[WhiteElo "1793"]
[BlackElo "1972"]
[WhiteICU "1636"]
[BlackICU "1844"]
[WhiteClub "Elm Mount"]
[BlackClub "Elm Mount"]
[WhiteNationality "IRL"]
[BlackNationality "IRL"]
[WhiteFideId "2502526"]
[BlackFideId "2502992"]
[WhiteICUId "1733"]
[BlackICUId "1383"]
[PlyCount "33"]
[FIDETournamentId "75914"]
[Venue "Gonzaga College, Sandford Road, Ranelagh, Dublin 6"]
[EventDate "2013.02.01"]
[Source "ICU web site"]

{ Source: Herbert Scarry report. } { Reference: <a
href="http://www.irlchess.com/gonzaga2013_allfiles/pairings_gonzaga2013.html">Tournament
report</a>, IRLchess. } { Event information: Herbert Scarry, <a
href="http://icu.ie/articles/372">Gonzaga Classic</a> (tournament report),
ICU web pages, February 2013. }

1. d4 f5 2. Nc3 Nf6 3. Bg5 d5 4. e3 e6 5. Bd3 b6 6. Nf3 Be7 7. Ne2 O-O 8.
O-O Ba6 9. Nf4 Bxd3 10. Qxd3 Qc8 11. c4 Bd6 12. Rac1 h6 13. Bxf6 Rxf6 14.
Nh5 Rf8 15. cxd5 exd5 16. Ne5 Qe8 17. Nf4 1/2-1/2

[Event "Gonzaga Masters 2013"]
[Site "Dublin IRL"]
[Date "2013.02.01"]
[Round "1"]
[White "Creighton, Terry"]
[Black "Buckley, Gerard"]
[Result "0-1"]
[WhiteElo "1772"]
[BlackElo "1934"]
[WhiteICU "1688"]
[BlackICU "1729"]
[WhiteClub "Elm Mount"]
[BlackClub "Malahide"]
[WhiteNationality "IRL"]
[BlackNationality "IRL"]
[WhiteFideId "2503670"]
[BlackFideId "2503239"]
[WhiteICUId "4616"]
[BlackICUId "3075"]
[PlyCount "54"]
[FIDETournamentId "75914"]
[Venue "Gonzaga College, Sandford Road, Ranelagh, Dublin 6"]
[EventDate "2013.02.01"]
[Source "ICU web site"]

{ Source: Herbert Scarry report. } { Reference: <a
href="http://www.irlchess.com/gonzaga2013_allfiles/pairings_gonzaga2013.html">Tournament
report</a>, IRLchess. } { Event information: Herbert Scarry, <a
href="http://icu.ie/articles/372">Gonzaga Classic</a> (tournament report),
ICU web pages, February 2013. }

1. e4 b6 2. d4 Bb7 3. Nc3 e6 4. Nf3 Bb4 5. Bd3 Nf6 6. Bg5 h6 7. Bh4 g5 8.
Bg3 Nxe4 9. O-O Nxc3 10. bxc3 Bd6 11. Ne5 h5 12. Nc4 Bf4 13. h4 d6 14. Qe2
Qf6 15. Ne3 Nd7 16. d5 O-O-O 17. Ba6 Nc5 18. Bxb7+ Kxb7 19. a4 a5 20. Qb5
Bxe3 21. Qc6+ Kb8 22. fxe3 Qxc3 23. Rab1 Rd7 24. Be1 Qxe3+ 25. Bf2 Qc3 26.
Be1 Qd4+ 27. Bf2 Qxd5 0-1

[Event "Gonzaga Masters 2013"]
[Site "Dublin IRL"]
[Date "2013.02.02"]
[Round "2"]
[White "Kalinins, Valentine"]
[Black "Fitzsimons, David"]
[Result "0-1"]
[WhiteElo "2028"]
[BlackElo "2294"]
[WhiteICU "2127"]
[BlackICU "2275"]
[WhiteClub "Celbridge"]
[BlackClub "Elm Mount"]
[WhiteNationality "IRL"]
[BlackNationality "IRL"]
[WhiteFideId "2505894"]
[BlackFideId "2501961"]
[WhiteICUId "12860"]
[BlackICUId "6236"]
[PlyCount "86"]
[FIDETournamentId "75914"]
[Venue "Gonzaga College, Sandford Road, Ranelagh, Dublin 6"]
[EventDate "2013.02.01"]
[Source "ICU web site"]

{ Source: Herbert Scarry report. } { Reference: <a
href="http://www.irlchess.com/gonzaga2013_allfiles/pairings_gonzaga2013.html">Tournament
report</a>, IRLchess. } { Event information: Herbert Scarry, <a
href="http://icu.ie/articles/372">Gonzaga Classic</a> (tournament report),
ICU web pages, February 2013. }

1. e4 e5 2. f4 d5 3. exd5 exf4 4. Bc4 Qh4+ 5. Kf1 Bd6 6. Nf3 Qh6 7. d4 Ne7
8. Kf2 O-O 9. Nc3 Nd7 10. Rf1 Nf6 11. h3 Bf5 12. Kg1 Rad8 13. Ne5 g5 14.
Re1 Ng6 15. Bd3 Bxd3 16. Nxd3 Rfe8 17. Bd2 Nh4 18. Rxe8+ Rxe8 19. Qf1 Qh5
20. Re1 Rxe1 21. Bxe1 Nf5 22. g4 Nxg4 23. hxg4 Qxg4+ 24. Qg2 Qxg2+ 25. Kxg2
Ne3+ 26. Kf3 g4+ 27. Ke2 Nxc2 28. Bf2 Nb4 29. Nxb4 Bxb4 30. Nb5 a6 31. Nxc7
Kf8 32. Be1 f3+ 33. Kf1 Bxe1 34. Kxe1 Ke7 35. d6+ Kxd6 36. Ne8+ Ke7 37. Nc7
g3 38. Nd5+ Ke6 39. Nc3 f5 40. Nd1 Kd5 41. Ne3+ Ke4 42. d5 Kxe3 43. d6 f2+
0-1

[Event "Gonzaga Masters 2013"]
[Site "Dublin IRL"]
[Date "2013.02.02"]
[Round "2"]
[White "Murray, David B."]
[Black "Boyle, Bernard"]
[Result "1-0"]
[WhiteElo "2146"]
[BlackElo "1929"]
[WhiteICU "2083"]
[BlackICU "1795"]
[WhiteClub "Gonzaga"]
[BlackClub "Elm Mount"]
[WhiteNationality "IRL"]
[BlackNationality "IRL"]
[WhiteFideId "2501511"]
[BlackFideId "2501830"]
[WhiteICUId "4941"]
[BlackICUId "3172"]
[PlyCount "79"]
[FIDETournamentId "75914"]
[Venue "Gonzaga College, Sandford Road, Ranelagh, Dublin 6"]
[EventDate "2013.02.01"]
[Source "ICU web site"]

{ Source: Herbert Scarry report. } { Reference: <a
href="http://www.irlchess.com/gonzaga2013_allfiles/pairings_gonzaga2013.html">Tournament
report</a>, IRLchess. } { Event information: Herbert Scarry, <a
href="http://icu.ie/articles/372">Gonzaga Classic</a> (tournament report),
ICU web pages, February 2013. }

1. e4 e6 2. d3 d5 3. Nd2 Nf6 4. g3 dxe4 5. dxe4 e5 6. Ngf3 Nc6 7. Bg2 Bc5
8. O-O Bg4 9. h3 Bh5 10. Kh2 Qe7 11. c3 O-O-O 12. Qe2 g5 13. b4 g4 14. Nh4
Bb6 15. a4 Kb8 16. a5 gxh3 17. Bf3 Bd4 18. Nf5 Qd7 19. cxd4 Nxd4 20. Nxd4
Qxd4 21. Rb1 Bg6 22. Nb3 Qd3 23. Bg5 Qxe2 24. Bxe2 Rd6 25. f3 Rg8 26. Be3
Nh5 27. Rbd1 f5 28. Rxd6 cxd6 29. g4 fxg4 30. fxg4 Bxe4 31. Nd2 Bg2 32. Rf7
Nf4 33. Bxf4 exf4 34. Rxf4 d5 35. Bf3 h5 36. gxh5 Rg5 37. Rg4 Re5 38. h6
Bxf3 39. Nxf3 Re7 40. Rg7 1-0

[Event "Gonzaga Masters 2013"]
[Site "Dublin IRL"]
[Date "2013.02.02"]
[Round "2"]
[White "Buckley, Gerard"]
[Black "Delaney, Killian"]
[Result "0-1"]
[WhiteElo "1934"]
[BlackElo "2087"]
[WhiteICU "1729"]
[BlackICU "2012"]
[WhiteClub "Malahide"]
[BlackClub "Rathmines"]
[WhiteNationality "IRL"]
[BlackNationality "IRL"]
[WhiteFideId "2503239"]
[BlackFideId "2501570"]
[WhiteICUId "3075"]
[BlackICUId "5104"]
[PlyCount "52"]
[FIDETournamentId "75914"]
[Venue "Gonzaga College, Sandford Road, Ranelagh, Dublin 6"]
[EventDate "2013.02.01"]
[Source "ICU web site"]

{ Source: Herbert Scarry report. } { Reference: <a
href="http://www.irlchess.com/gonzaga2013_allfiles/pairings_gonzaga2013.html">Tournament
report</a>, IRLchess. } { Event information: Herbert Scarry, <a
href="http://icu.ie/articles/372">Gonzaga Classic</a> (tournament report),
ICU web pages, February 2013. }

1. d4 c5 2. c3 cxd4 3. cxd4 d5 4. Nf3 Nc6 5. e3 Bf5 6. Nc3 Nf6 7. Be2 e6 8.
a3 Rc8 9. O-O Bd6 10. Nd2 h5 11. f4 g5 12. Nf3 gxf4 13. exf4 Ne4 14. Ne5
Nxd4 15. Be3 Nxc3 16. bxc3 Nc2 17. Bd4 Nxa1 18. Qa4+ Ke7 19. Qxa7 Nc2 20.
Qxb7+ Qc7 21. Qxc7+ Rxc7 22. Nc6+ Rxc6 23. Bxh8 f6 24. Bxh5 Rc8 25. Bxf6+
Kxf6 26. g4 Bc5+ 0-1

[Event "Gonzaga Masters 2013"]
[Site "Dublin IRL"]
[Date "2013.02.02"]
[Round "2"]
[White "Porter, Liam"]
[Black "Cichonski, Bartlomiej"]
[Result "1/2-1/2"]
[WhiteElo "1972"]
[BlackElo "2067"]
[WhiteICU "1844"]
[BlackICU "1942"]
[WhiteClub "Elm Mount"]
[BlackClub "Balbriggan"]
[WhiteNationality "IRL"]
[BlackNationality "IRL"]
[WhiteFideId "2502992"]
[BlackFideId "2503620"]
[WhiteICUId "1383"]
[BlackICUId "12170"]
[PlyCount "41"]
[FIDETournamentId "75914"]
[Venue "Gonzaga College, Sandford Road, Ranelagh, Dublin 6"]
[EventDate "2013.02.01"]
[Source "ICU web site"]

{ Source: Herbert Scarry report. } { Reference: <a
href="http://www.irlchess.com/gonzaga2013_allfiles/pairings_gonzaga2013.html">Tournament
report</a>, IRLchess. } { Event information: Herbert Scarry, <a
href="http://icu.ie/articles/372">Gonzaga Classic</a> (tournament report),
ICU web pages, February 2013. }

1. e4 c5 2. Nc3 Nc6 3. g3 g6 4. Bg2 Bg7 5. d3 e5 6. Nd5 Nge7 7. Bg5 h6 8.
Bf6 O-O 9. Qd2 Bxf6 10. Nxf6+ Kg7 11. Ng4 Rh8 12. Ne3 d6 13. Ne2 f5 14. O-O
Be6 15. f4 Qd7 16. c3 d5 17. fxe5 d4 18. Nc2 Rad8 19. cxd4 cxd4 20. Qf4 Ng8
21. Ne1 1/2-1/2

[Event "Gonzaga Masters 2013"]
[Site "Dublin IRL"]
[Date "2013.02.02"]
[Round "2"]
[White "Janusaitis, Mindaugas"]
[Black "Fitzsimons, Pat"]
[Result "0-1"]
[WhiteElo "1967"]
[BlackElo "1793"]
[BlackICU "1636"]
[WhiteClub "Round Tower"]
[BlackClub "Elm Mount"]
[WhiteNationality "LTU"]
[BlackNationality "IRL"]
[WhiteFideId "12802530"]
[BlackFideId "2502526"]
[BlackICUId "1733"]
[PlyCount "90"]
[FIDETournamentId "75914"]
[Venue "Gonzaga College, Sandford Road, Ranelagh, Dublin 6"]
[EventDate "2013.02.01"]
[Source "ICU web site"]

{ Source: Herbert Scarry report. } { Reference: <a
href="http://www.irlchess.com/gonzaga2013_allfiles/pairings_gonzaga2013.html">Tournament
report</a>, IRLchess. } { Event information: Herbert Scarry, <a
href="http://icu.ie/articles/372">Gonzaga Classic</a> (tournament report),
ICU web pages, February 2013. }

1. e4 e5 2. Nf3 Nc6 3. Bb5 a6 4. Ba4 Nf6 5. O-O Be7 6. Re1 b5 7. Bb3 O-O 8.
c3 d5 9. exd5 Nxd5 10. d4 exd4 11. Nxd4 Nxd4 12. Bxd5 c6 13. Be3 Qxd5 14.
Qxd4 Be6 15. Nd2 Rad8 16. Nb3 Bf6 17. Qxd5 Bxd5 18. Bb6 Rde8 19. Nc5 Rxe1+
20. Rxe1 Bxa2 21. Nd7 Ra8 22. Nxf6+ gxf6 23. Re3 Bb1 24. f4 a5 25. Rg3+ Kh8
26. Bd4 h5 27. Bxf6+ Kh7 28. Rg7+ Kh6 29. h3 Re8 30. g4 hxg4 31. hxg4 Bd3
32. Kf2 Re6 33. Rg8 Rxf6 34. Re8 Rxf4+ 35. Ke3 Rxg4 36. Kxd3 Rg3+ 37. Ke4
Kg7 38. Rc8 Rg2 39. b3 Rb2 40. Kd3 Rxb3 41. Kc2 Ra3 42. Kb2 Ra4 43. Rxc6
Rc4 44. Rb6 b4 45. Rb5 bxc3+ 0-1

[Event "Gonzaga Masters 2013"]
[Site "Dublin IRL"]
[Date "2013.02.02"]
[Round "2"]
[White "O'Donnell, Conor"]
[Black "Creighton, Terry"]
[Result "1-0"]
[WhiteElo "1959"]
[BlackElo "1772"]
[WhiteICU "2065"]
[BlackICU "1688"]
[WhiteClub "Gonzaga"]
[BlackClub "Elm Mount"]
[WhiteNationality "IRL"]
[BlackNationality "IRL"]
[WhiteFideId "2504243"]
[BlackFideId "2503670"]
[WhiteICUId "10792"]
[BlackICUId "4616"]
[PlyCount "75"]
[FIDETournamentId "75914"]
[Venue "Gonzaga College, Sandford Road, Ranelagh, Dublin 6"]
[EventDate "2013.02.01"]
[Source "ICU web site"]

{ Source: Herbert Scarry report. } { Reference: <a
href="http://www.irlchess.com/gonzaga2013_allfiles/pairings_gonzaga2013.html">Tournament
report</a>, IRLchess. } { Event information: Herbert Scarry, <a
href="http://icu.ie/articles/372">Gonzaga Classic</a> (tournament report),
ICU web pages, February 2013. }

1. d4 Nf6 2. Nf3 e6 3. Bf4 b6 4. e3 Bb7 5. Bd3 Be7 6. h3 d5 7. O-O O-O 8.
c3 Nbd7 9. Nbd2 Ne4 10. Qc2 Ndf6 11. Ne5 c5 12. f3 Nxd2 13. Qxd2 c4 14. Bc2
Nd7 15. Qe2 Nxe5 16. Bxe5 Bf6 17. Bxf6 Qxf6 18. f4 Rae8 19. e4 dxe4 20.
Bxe4 Bd5 21. Rae1 g6 22. Bxd5 exd5 23. Qf3 Rxe1 24. Rxe1 Rd8 25. Re5 Qc6
26. f5 Qf6 27. fxg6 Qxg6 28. Kh2 f6 29. Rxd5 Rxd5 30. Qxd5+ Qf7 31. Qxf7+
Kxf7 32. Kg3 b5 33. Kf4 Ke6 34. g4 a5 35. a3 Kd5 36. Kf5 a4 37. h4 h6 38.
h5 1-0

[Event "Gonzaga Masters 2013"]
[Site "Dublin IRL"]
[Date "2013.02.02"]
[Round "3"]
[White "Fitzsimons, David"]
[Black "Murray, David B."]
[Result "1-0"]
[WhiteElo "2294"]
[BlackElo "2146"]
[WhiteICU "2275"]
[BlackICU "2083"]
[WhiteClub "Elm Mount"]
[BlackClub "Gonzaga"]
[WhiteNationality "IRL"]
[BlackNationality "IRL"]
[WhiteFideId "2501961"]
[BlackFideId "2501511"]
[WhiteICUId "6236"]
[BlackICUId "4941"]
[PlyCount "47"]
[FIDETournamentId "75914"]
[Venue "Gonzaga College, Sandford Road, Ranelagh, Dublin 6"]
[EventDate "2013.02.01"]
[Source "ICU web site"]

{ Source: Herbert Scarry report. } { Reference: <a
href="http://www.irlchess.com/gonzaga2013_allfiles/pairings_gonzaga2013.html">Tournament
report</a>, IRLchess. } { Event information: Herbert Scarry, <a
href="http://icu.ie/articles/372">Gonzaga Classic</a> (tournament report),
ICU web pages, February 2013. }

1. e4 e5 2. Nf3 Nc6 3. Bc4 Nf6 4. d3 Bc5 5. c3 d6 6. Bb3 h6 7. Nbd2 Be6 8.
Nc4 Qd7 9. O-O Bb6 10. a4 O-O 11. Bc2 Bxc4 12. dxc4 Qe6 13. b3 a6 14. Nh4
Ne7 15. Nf5 Kh8 16. Qf3 Nfg8 17. Qg3 Nxf5 18. exf5 Qf6 19. h4 Rae8 20. Bg5
hxg5 21. hxg5 Qd8 22. Qh4+ Nh6 23. f6 Rg8 24. Qe4 1-0